00450nam a22001697a 450000500170000001000170001702000260003403500170006003700080007708200120008510000170009724500430011426000280015727000530018530000220023850000200026020100907152916.0 aB-413722-737 a9788129115003c495.00 aB-413722-737 bUBH a320.954 aTarun Vijay  aIndia battles to win /cby Tarun Vijay aNew Delhi bRupa c2009 a7/16, Ansari Road, DaryaganjbNew Delhi e110002 a386p. c25cm(Hb)  aIncludes index